The perfect investment / (Запис № 535810)

МАРК-запис
000 -LEADER
fixed length control field 01415cam a2200349 a 4500
001 - CONTROL NUMBER
control field perfectinvestmen00mill
003 - CONTROL NUMBER IDENTIFIER
control field CaSfIA
005 - DATE AND TIME OF LATEST TRANSACTION
control field 20210118205749.0
007 - PHYSICAL DESCRIPTION FIXED FIELD--GENERAL INFORMATION
fixed length control field cr||||
008 - FIXED-LENGTH DATA ELEMENTS--GENERAL INFORMATION
fixed length control field 830616s1983 nyua 001 0 eng
010 ## - LIBRARY OF CONGRESS CONTROL NUMBER
LC control number 83007824
040 ## - CATALOGING SOURCE
Original cataloging agency DLC
Transcribing agency DLC
Modifying agency OCL
-- BTCTA
-- BAKER
-- YDXCP
-- FN2
-- CaSfIA
020 ## - INTERNATIONAL STANDARD BOOK NUMBER
International Standard Book Number 0525933026
020 ## - INTERNATIONAL STANDARD BOOK NUMBER
International Standard Book Number 9780525933021
035 ## - SYSTEM CONTROL NUMBER
System control number (OCoLC)9686573
050 00 - LIBRARY OF CONGRESS CALL NUMBER
Classification number HG4527
Item number .M52 1983
082 04 - DEWEY DECIMAL CLASSIFICATION NUMBER
Classification number 332.63/22
Edition number 19
029 1# - (OCLC)
OCLC library identifier NZ1
System control number 2721130
100 1# - MAIN ENTRY--PERSONAL NAME
Personal name Miller, Lowell.
245 14 - TITLE STATEMENT
Title The perfect investment /
Medium [electronic resource]
Statement of responsibility, etc Lowell Miller.
250 ## - EDITION STATEMENT
Edition statement 1st ed.
260 ## - PUBLICATION, DISTRIBUTION, ETC. (IMPRINT)
Place of publication, distribution, etc New York :
Name of publisher, distributor, etc Dutton,
Date of publication, distribution, etc c1983.
300 ## - PHYSICAL DESCRIPTION
Extent vii, 248 p. :
Other physical details ill. ;
Dimensions 22 cm.
500 ## - GENERAL NOTE
General note Includes index.
506 ## - RESTRICTIONS ON ACCESS NOTE
Standardized terminology for access restriction Необхідна авторизація на https://archive.org/ (створення облікового запису безкоштовно)
506 ## - RESTRICTIONS ON ACCESS NOTE
Standardized terminology for access restriction Необхідна авторизація на https://openlibrary.org/ (створення облікового запису безкоштовно)
650 #0 - SUBJECT ADDED ENTRY--TOPICAL TERM
Topical term or geographic name as entry element Investments
Form subdivision Handbooks, manuals, etc.
650 #0 - SUBJECT ADDED ENTRY--TOPICAL TERM
Topical term or geographic name as entry element Stocks
Form subdivision Handbooks, manuals, etc.
856 41 - ELECTRONIC LOCATION AND ACCESS
Uniform Resource Identifier <a href="http://www.archive.org/details/perfectinvestmen00mill">http://www.archive.org/details/perfectinvestmen00mill</a>
Public note Free eBook from the Internet Archive
856 42 - ELECTRONIC LOCATION AND ACCESS
Uniform Resource Identifier <a href="http://www.openlibrary.org/books/OL3165857M">http://www.openlibrary.org/books/OL3165857M</a>
Public note Additional information and access via Open Library
942 ## - ADDED ENTRY ELEMENTS (KOHA)
Koha item type ЕКнига

Немає доступних примірників.